000 00727nam a2200253Ia 4500
003 OSt
005 20221006142351.0
006 a|||||r|||| 00| 0
007 ta
008 221006b |||||||| |||| 00| 0 eng d
024 _a6,202
037 _bGift, Japan Foundation
_cTextual
040 _aEASL
_cEASL
_beng
041 _2eng
_aeng
082 _aO42,1x, K9
100 _aSHINKOKAI Nippon Gakujutsu Tr.
_9647529
245 0 _aManyoshu
_b One thousand pomes
260 _aNew York
_bColumbia University Press
_c1969
300 _a362p.
_ccm.
490 _v JEL
650 _aJEL
942 _hO42,1x, K9
_cTEXL
_2CC
999 _c1074288
_d1074288